000 00580nam a2200193 b 4500
003 OSt
005 20141219150504.0
008 961213s1970 slv spa
040 _aSpMaBN
_bspa
_cBMC
_erdc
082 _a863
100 1 _929336
_aSender, Ramón J.
_d1901-1982
245 1 3 _aEl bandido adolescente
_cRamón J. Sender ; prólogo de Rafael Vázquez Zamora
260 _aNavarra
_bSalvat
_c1970
300 _a184 p.
_c19 cm
490 _aBiblioteca Básica Salvat
_v51
650 2 4 _929289
_aNovela española
700 1 _aVázquez Zamora, Rafael
_9643
942 _2ddc
_cBK
999 _c16429
_d16429